| 000 | 00372nam a22001697a 4500 | ||
|---|---|---|---|
| 005 | 20160530141109.0 | ||
| 008 | 160530b xxu||||| |||| 00| 0 eng d | ||
| 020 | _a81-7808-438-4 | ||
| 041 | _aeng | ||
| 082 | _b6071 | ||
| 100 |
_aGad, Thomas _91534 |
||
| 245 | _a4-D, Branding | ||
| 260 |
_bPearsons _c2001 |
||
| 300 | _a181 | ||
| 650 |
_aManagement _9241 |
||
| 942 | _cBK | ||
| 999 |
_c2165 _d2164 |
||